| 000 | 01139nam a2200301 i 4500 | ||
|---|---|---|---|
| 003 | DO-SdBNP | ||
| 005 | 20260417132137.0 | ||
| 007 | ta | ||
| 008 | 240724b2024 dr ac||| |||| 00| 0 spa d | ||
| 020 | _a9789945188516 | ||
| 040 |
_aDO-SdBNP _bspa _cBNPHU _erda |
||
| 041 | _aspa | ||
| 082 | 4 |
_a923.27293 _bB742f _222 |
|
| 100 | 1 |
_aFernández, Luis, _eautor _986161 _4aut. |
|
| 245 | 1 |
_aJuan Bosch / _bpensamiento y acción política / _cLuis Fernández ; corrector de estilo, José Javier |
|
| 264 | 1 |
_aSanto Domingo : _beditor no identificado, _c2024. |
|
| 300 |
_a285 páginas : _bilustraciones, retratos ; _c23 cm. |
||
| 336 |
_atexto _btxt _2rdacontent |
||
| 337 |
_asin mediación _bn _2rdamedia |
||
| 338 |
_avolumen _bnc _2rdacarrier |
||
| 500 | _aIncluye datos biográficos del autor en la solapa de la cubierta | ||
| 504 | _aBibliografía: páginas 285-287 | ||
| 590 | _aInventariado, 2024/BT | ||
| 600 | 1 | 0 |
_aBosch, Juan, _d1909-2001 _xPensamiento político y social _989336 |
| 700 | 1 |
_aAcosta Matos, Eliades, _d1959- _ecorrector de estilo _974479 _4corr. |
|
| 910 | _aBtavárez/Validado. Control de calidad MFF | ||
| 942 |
_2ddc _cLBS1 |
||
| 999 |
_c57350 _d57350 |
||